000 00633nam a2200217 i 4500
001 bg
100 1 _aGANCARZEWICZ, Jacek
245 0 _aGeometria różniczkowa /
_cJacek Gancarzewicz.
260 _aWarszawa :
_bPaństw. Wydaw. Naukowe,
_c1987.
300 _a531, [1] s. :
_brys., wykr. ;
_c24 cm.
490 1 _aBiblioteka Matematyczna,
_x0519-8356 ;
_vt. 64
504 _aBibliogr. s. 510-511.
830 _aBiblioteka Matematyczna,
_x0519-8356 ;
020 _a8301063041
040 _cBPK
041 _apol
080 _a514.7(075.8)
920 _a83-01-06304-1
942 _cKS
008 s pl f |000 0 pol
999 _c23596
_d23596
856 _uhttp://koha.tu.koszalin.pl/cgi-bin/koha/opac-detail.pl?biblionumber=23596
_yKatalog online BPK